Normal view MARC view
  • Silberberg, Amateis

Entry Personal Name

Number of records used in: 1

001 - CONTROL NUMBER

  • control field: 104839

003 - CONTROL NUMBER IDENTIFIER

  • control field: NUST

005 - DATE AND TIME OF LATEST TRANSACTION

  • control field: 20221214141541.0

008 - FIXED-LENGTH DATA ELEMENTS

  • fixed length control field: 221214|| aca||aabn | a|a d

040 ## - CATALOGING SOURCE

  • Original cataloging agency: NUST
  • Transcribing agency: NUST

100 ## - HEADING--PERSONAL NAME

  • Personal name: Silberberg, Amateis

670 ## - SOURCE DATA FOUND

  • Source citation: Work cat.: (NUST): Silberberg, Amateis, Chemistry the molecular nature of matter and change, 2018
© 2023 Central Library, National University of Sciences and Technology. All Rights Reserved.